| 000 | nam a22 a 4500 | ||
|---|---|---|---|
| 999 |
_c468748 _d468748 |
||
| 003 | BLK | ||
| 005 | 20220730125202.0 | ||
| 008 | 220730b bu |||||r|||| 00| | bu d | ||
| 040 | _aBLK | ||
| 041 |
_aBUL _cBUL |
||
| 080 |
_aРаботен процес - Организация, изпълнение на работния процес. Индивидуална и групова работа. Организация на работното място. Механизация и автоматизация на труда _b331.103.2 _z331.103.2 |
||
| 100 |
_9478745 _aФединин, Василий Кузмич _eпърви автор |
||
| 139 | _aФединин, Василий Кузмич | ||
| 245 |
_aСоциализъм и съревнование _cВ. К. Фединин ; прев. от рус. Елеонора Тодорова |
||
| 260 |
_9210729 _aСофия _bПрофиздат _c1972 |
||
| 300 |
_a152 с. _c20 см |
||
| 380 | _a3 | ||
| 490 |
_9206016 _aБиблиотека В помощ на профсъюзния активист _v1 - 2 |
||
| 500 | _aОриг. загл. Социализм и соревнование | ||
| 650 | 0 |
_9316688 _aСоциалистическо съревнование |
|
| 700 |
_9315247 _aТодорова, Елеонора Цветкова _eпрев. от рус. |
||
| 852 |
_aЦб 62176 _bЦб |
||
| 942 |
_cKNG _n0 _s1 |
||
| 944 |
_aCR _c2022-07-30 _kГГГ |
||